| 000 | 00663nam a22001817a 4500 | ||
|---|---|---|---|
| 008 | 160920b xxu||||| |||| 00| 0 eng d | ||
| 020 | _a0814736378 | ||
| 020 | _a081473636X | ||
| 050 |
_aGF 8 _b.E 58 2005 |
||
| 100 | _aHaenn, Nora. | ||
| 245 |
_aThe environment in anthropology: _ba reader in ecology, culture and sustainable living/ _cNora Haenn and Richard R. wilk |
||
| 260 |
_aNew York: _bNew York University press; _c2005 |
||
| 300 |
_aix,493p. :ill. ; _bInclude bibliographical references and index |
||
| 650 | _aHuman ecology. | ||
| 650 | _aApplied anthropology. | ||
| 700 | _aWilk, Richard R. | ||
| 942 |
_2lcc _cBOOKS _hGF 8 .E58 2005 _01 |
||
| 999 |
_c13824 _d13824 |
||